LEADER 03146nam 22006134a 450 001 9910458393203321 005 20200520144314.0 010 $a1-281-90500-3 010 $a9786611905002 010 $a0-85199-963-8 035 $a(CKB)1000000000395938 035 $a(EBL)369428 035 $a(SSID)ssj0000231238 035 $a(PQKBManifestationID)11173879 035 $a(PQKBTitleCode)TC0000231238 035 $a(PQKBWorkID)10197637 035 $a(PQKB)10490524 035 $a(MiAaPQ)EBC369428 035 $a(Au-PeEL)EBL369428 035 $a(CaPaEBR)ebr10073621 035 $a(CaONFJC)MIL190500 035 $a(OCoLC)476204615 035 $a(EXLCZ)991000000000395938 100 $a20010305d2001 uy 0 101 0 $aeng 135 $aur|n|---||||| 181 $ctxt 182 $cc 183 $acr 200 10$aQuantitative trait loci analysis in animals$b[electronic resource] /$fJoel Ira Welller 210 $aWallingford, OX, UK ;$aNew York, NY, USA $cCABI Pub.$dc2001 215 $a1 online resource (299 p.) 300 $aDescription based upon print version of record. 311 $a0-85199-402-4 320 $aIncludes bibliographical references (p. 261-273). 327 $aPreface, theory vs. results; Chapter one: Historical Overview; Chapter two : Principles of Parameter Estimation; Chapter three: Random and Fixed Effects, the Mixed Model; Chapter four: Experimental Designs to Detect QTL; Generation of Linkage Disequilibrium; Chapter five: QTL Parameter Estimation for Crosses between Inbred Lines; Chapter six: Advanced Statistical Methods for QTL Detection and Parameter Estimation; Chapter seven: Analysis of QTL as Random Effects; Chapter eight: Statistical Power to Detect QTL, and Parameter CIs; Chapter nine: Optimization of Experimental Designs 327 $aChapter ten: Fine Mapping of QTLChapter eleven: Complete Genome QTL Scans - the Problem of Multiple Comparisons; Chapter twelve: Multiple Trait QTL Analysis; Chapter thirteen: Principles of Selection Index and Traditional Breeding Progr arnrnes; Chapter fourteen: Marker-Assisted Selection = Theory; Chapter fifteen: Marker-Assisted Selection = Results of Simulation Studies; Chapter sixteen: Marker-Assisted Introgression; Glossary of Symbols; References; Author Index; Subject Index 330 $aQuantitative Trait Loci (QTL) is a topic of major agricultural significance for efficient livestock production. This book covers various statistical methods that have been used or proposed for detection and analysis of QTL and marker-and gene-assisted selection in animal genetics and breeding. 606 $aLivestock$xBreeding 606 $aLivestock$xGenetics 606 $aQuantitative genetics 608 $aElectronic books. 615 0$aLivestock$xBreeding. 615 0$aLivestock$xGenetics. 615 0$aQuantitative genetics. 676 $a636.08/21 700 $aWeller$b Joel Ira$0886231 801 0$bMiAaPQ 801 1$bMiAaPQ 801 2$bMiAaPQ 906 $aBOOK 912 $a9910458393203321 996 $aQuantitative trait loci analysis in animals$92000900 997 $aUNINA